K problematice likvidace pojistných událostí

Charakteristika troch významných prvkov procesu likvidácie poistných udalostí. Nový prístup k likvidácii oprávnených nárokov klienta, ale tiež správne nastavenie rezerv, súvisiacich s poistnými udalosťami. Základné oblasti procesu efektívnej likvidácie poistných udalostí. Situácia na trhu poistenia...

Descrizione completa

Salvato in:
Dettagli Bibliografici
Autore principale: Pulchart, Vladimír
Natura: Capitolo di libro
Lingua:ceco
Soggetti:
Tags: Aggiungi Tag
Nessun Tag, puoi essere il primo ad aggiungerne!!

MARC

LEADER 00000naa$a2200000$$$4500
001 0027468
005 20230927101841.3
041 0 |a cze 
044 |a CZ 
245 1 0 |a K problematice likvidace pojistných událostí  |c Vladimír Pulchart 
520 |a Charakteristika troch významných prvkov procesu likvidácie poistných udalostí. Nový prístup k likvidácii oprávnených nárokov klienta, ale tiež správne nastavenie rezerv, súvisiacich s poistnými udalosťami. Základné oblasti procesu efektívnej likvidácie poistných udalostí. Situácia na trhu poistenia domácností vo V. Británii. 
610 2 0 |a poisťovne 
610 2 0 |a udalosti poistné 
610 2 0 |a likvidácia 
610 2 0 |a odškodnenie 
610 2 0 |a trh poistný 
610 2 0 |a poistenie 
610 2 0 |a domácnosti 
610 2 0 |a Veľká Británia 
100 1 |a Pulchart, Vladimír